Informe de la Gestión Rectoral 2007-2012 (Record no. 8333)

MARC details
000 -LEADER
campo de control de longitud fija 00354nam a2200133Ia 4500
001 - NÚMERO DE CONTROL
campo de control 2211
008 - DATOS DE LONGITUD FIJA--INFORMACIÓN GENERAL
campo de control de longitud fija 241024s9999 xx 000 0 und d
082 ## - NÚMERO DE LA CLASIFICACIÓN DECIMAL DEWEY
Número de clasificación RD/378/C348i
100 ## - ENTRADA PRINCIPAL--NOMBRE DE PERSONA
Nombre de persona Justo Pedro Castellanos Khouri
245 #0 - MENCIÓN DEL TÍTULO
Título Informe de la Gestión Rectoral 2007-2012
260 ## - PUBLICACIÓN, DISTRIBUCIÓN, ETC.
Nombre del editor, distribuidor, etc. Universidad APEC
Fecha de publicación, distribución, etc. 2012
901 ## - ELEMENTOS DE DATOS A LOCAL LDA (RLIN)
a 2/4/2012 3:44:20 p.m.

No items available.

© 2024. Todos los Derechos Reservados. Desarrollado por IDEICE